[Event "World Chess Olympiad 2018"]
[Site "Batumi"]
[Date "2018.10.02"]
[Round "8"]
[Board "4"]
[WhiteFideId "505455"]
[White "Sipila Vilka"]
[BlackFideId "718572"]
[Black "Berkes Ferenc"]
[Result "0-1"]
[LiveChessVersion "1.4.8"]
[BlackElo "2678"]
[WhiteElo "2381"]

1. d4 {[%clk 1:30:59]} Nf6 {[%clk 1:30:55]} 2. c4 {[%clk 1:31:16]} g6
{[%clk 1:31:23]} 3. f3 {[%clk 1:31:32]} Bg7 {[%clk 1:31:34]} 4. e4
{[%clk 1:31:42]} O-O {[%clk 1:31:54]} 5. Nc3 {[%clk 1:32:07]} d6 {[%clk 1:30:25]}
6. Be3 {[%clk 1:32:31]} a6 {[%clk 1:29:58]} 7. Nge2 {[%clk 1:32:43]} Nc6
{[%clk 1:30:17]} 8. Qd2 {[%clk 1:32:47]} Rb8 {[%clk 1:29:36]} 9. Nc1
{[%clk 1:25:27]} e5 {[%clk 1:03:57]} 10. d5 {[%clk 1:25:32]} Nd4 {[%clk 1:04:22]}
11. Nb3 {[%clk 1:25:41]} Nxb3 {[%clk 1:04:12]} 12. axb3 {[%clk 1:26:04]} Bd7
{[%clk 1:00:26]} 13. b4 {[%clk 1:21:47]} Nh5 {[%clk 0:58:08]} 14. c5
{[%clk 1:18:04]} f5 {[%clk 0:58:01]} 15. Bc4 {[%clk 0:57:11]} Kh8
{[%clk 0:55:30]} 16. Kd1 {[%clk 0:52:52]} Nf6 {[%clk 0:54:28]} 17. Kc2
{[%clk 0:48:55]} fxe4 {[%clk 0:52:25]} 18. fxe4 {[%clk 0:49:04]} Ng4
{[%clk 0:49:45]} 19. Bg1 {[%clk 0:35:31]} Bh6 {[%clk 0:49:17]} 20. Qe1
{[%clk 0:35:20]} Qg5 {[%clk 0:44:35]} 21. Kd3 {[%clk 0:32:01]} c6
{[%clk 0:33:59]} 22. Rd1 {[%clk 0:26:27]} Nf2+ {[%clk 0:29:53]} 23. Bxf2
{[%clk 0:26:45]} Qxg2 {[%clk 0:30:17]} 24. Rf1 {[%clk 0:10:41]} Rf3+
{[%clk 0:28:17]} 25. Kc2 {[%clk 0:11:06]} Rbf8 {[%clk 0:28:42]} 26. Kb3
{[%clk 0:11:21]} Rxf2 {[%clk 0:28:16]} 27. Rxf2 {[%clk 0:11:35]} Rxf2
{[%clk 0:28:33]} 28. dxc6 {[%clk 0:00:55]} Bxc6 {[%clk 0:27:52]} 29. Rxd6
{[%clk 0:00:59]} Rxb2+ {[%clk 0:26:18]} 30. Ka3 {[%clk 0:01:25]} Rd2
{[%clk 0:26:13]} 31. Be2 {[%clk 0:00:48]} Qh3 {[%clk 0:19:28]} 32. Kb3
{[%clk 0:01:03]} Rxd6 {[%clk 0:18:20]} 33. cxd6 {[%clk 0:01:29]} Qe6+
{[%clk 0:18:36]} 34. Bc4 {[%clk 0:01:41]} Qxd6 {[%clk 0:19:00]} 35. Qf2
{[%clk 0:01:51]} Bf4 {[%clk 0:16:31]} 36. Bd5 {[%clk 0:00:56]} Kg7
{[%clk 0:16:38]} 37. Bxc6 {[%clk 0:01:03]} Qxc6 {[%clk 0:14:53]} 38. Nd5
{[%clk 0:00:42]} g5 {[%clk 0:14:17]} 39. h4 {[%clk 0:00:55]} a5 {[%clk 0:10:19]}
40. hxg5 {[%clk 0:30:35]} a4+ {[%clk 0:40:43]} 41. Ka3 {[%clk 0:25:01]} Bc1+
{[%clk 0:38:11]} 42. Ka2 {[%clk 0:25:25]} Qc4+ {[%clk 0:38:02]} 43. Kb1
{[%clk 0:25:40]} Qxe4+ {[%clk 0:38:02]} 44. Kxc1 {[%clk 0:26:03]} Qxd5
{[%clk 0:38:23]} 45. Qf6+ {[%clk 0:26:17]} Kg8 {[%clk 0:38:47]} 46. Kb2
{[%clk 0:22:01]} e4 {[%clk 0:31:02]} 47. Qe7 {[%clk 0:20:11]} b5 {[%clk 0:28:49]}
48. Qe8+ {[%clk 0:14:17]} Kg7 {[%clk 0:29:14]} 49. Qe7+ {[%clk 0:14:40]} Kg6
{[%clk 0:28:57]} 50. Qf6+ {[%clk 0:15:01]} Kh5 {[%clk 0:29:21]} 51. Qh6+
{[%clk 0:15:27]} Kg4 {[%clk 0:29:47]} 52. Qxh7 {[%clk 0:15:07]} e3
{[%clk 0:28:46]} 53. Qe7 {[%clk 0:13:41]} Qxg5 {[%clk 0:28:45]} 54. Qe4+
{[%clk 0:11:29]} Kg3 {[%clk 0:29:07]} 55. Ka3 {[%clk 0:11:32]} Kf2
{[%clk 0:29:03]} 56. Qd4 {[%clk 0:11:25]} Qf5 {[%clk 0:27:41]} 57. Qh4+
{[%clk 0:07:00]} Kg2 {[%clk 0:27:59]} 58. Qe7 {[%clk 0:07:17]} Qd3+
{[%clk 0:24:30]} 59. Ka2 {[%clk 0:06:57]} e2 {[%clk 0:24:08]} 60. Qg5+
{[%clk 0:07:14]} Qg3 {[%clk 0:23:50]} 61. Qd5+ {[%clk 0:07:15]} Kf2
{[%clk 0:21:43]} 62. Qc5+ {[%clk 0:05:59]} Qe3 {[%clk 0:20:47]} 63. Qf5+
{[%clk 0:06:03]} Qf3 {[%clk 0:20:50]} 64. Qc5+ {[%clk 0:06:10]} Kf1
{[%clk 0:20:02]} 65. Qxb5 {[%clk 0:05:33]} Qb3+ {[%clk 0:20:10]} 66. Ka1
{[%clk 0:05:58]} a3 {[%clk 0:20:06]} 67. Qf5+ {[%clk 0:06:22]} Ke1
{[%clk 0:20:29]} 68. Qe4 {[%clk 0:06:38]} Qb2# {[%clk 0:20:34]} 0-1

[Event "World Chess Olympiad 2018"]
[Site "Batumi"]
[Date "2018.10.02"]
[Round "8"]
[Board "1"]
[WhiteFideId "10200444"]
[White "Mollah Abdullah Al Rakib"]
[BlackFideId "1207822"]
[Black "Lupulescu Constantin"]
[Result "1/2-1/2"]
[LiveChessVersion "1.4.8"]
[BlackElo "2606"]
[WhiteElo "2472"]

1. d4 {[%clk 1:30:56]} Nf6 {[%clk 1:30:56]} 2. Nf3 {[%clk 1:31:15]} d5
{[%clk 1:31:10]} 3. c4 {[%clk 1:31:37]} e6 {[%clk 1:31:34]} 4. Nc3
{[%clk 1:31:57]} Nbd7 {[%clk 1:32:00]} 5. Bg5 {[%clk 1:30:54]} Bb4
{[%clk 1:32:22]} 6. e3 {[%clk 1:24:31]} c5 {[%clk 1:32:27]} 7. cxd5
{[%clk 1:20:06]} exd5 {[%clk 1:32:51]} 8. Bd3 {[%clk 1:17:10]} c4
{[%clk 1:30:27]} 9. Bxf6 {[%clk 1:12:09]} Bxc3+ {[%clk 1:20:14]} 10. bxc3
{[%clk 1:10:48]} Nxf6 {[%clk 1:20:37]} 11. Bc2 {[%clk 1:10:21]} Qa5
{[%clk 1:18:17]} 12. Qd2 {[%clk 1:03:34]} Ne4 {[%clk 1:17:48]} 13. Bxe4
{[%clk 1:03:55]} dxe4 {[%clk 1:18:14]} 14. Ng1 {[%clk 1:02:10]} Qg5
{[%clk 1:14:23]} 15. f4 {[%clk 0:58:07]} Qd5 {[%clk 1:12:06]} 16. Ne2
{[%clk 0:56:21]} O-O {[%clk 1:04:25]} 17. O-O {[%clk 0:55:59]} b5
{[%clk 1:02:13]} 18. Qb2 {[%clk 0:42:59]} Bd7 {[%clk 0:59:43]} 19. Rab1
{[%clk 0:36:26]} Rfb8 {[%clk 0:47:36]} 20. Qa3 {[%clk 0:29:47]} a5
{[%clk 0:45:37]} 21. h3 {[%clk 0:24:17]} Rc8 {[%clk 0:34:16]} 22. Qe7
{[%clk 0:23:01]} f6 {[%clk 0:31:08]} 23. Rfd1 {[%clk 0:16:28]} Ra6
{[%clk 0:25:38]} 24. Qa3 {[%clk 0:10:44]} Kf7 {[%clk 0:24:27]} 25. Rd2
{[%clk 0:09:39]} f5 {[%clk 0:23:24]} 26. Qc1 {[%clk 0:08:10]} Rb8
{[%clk 0:18:49]} 27. Qa3 {[%clk 0:07:55]} Rc8 {[%clk 0:18:47]} 28. Qc1
{[%clk 0:08:17]} h6 {[%clk 0:18:01]} 29. Kh2 {[%clk 0:05:06]} Rb6
{[%clk 0:13:16]} 30. Qa3 {[%clk 0:03:48]} Ra6 {[%clk 0:08:49]} 31. Kg1
{[%clk 0:03:55]} Ra7 {[%clk 0:06:20]} 32. Kf2 {[%clk 0:03:19]} Ke8
{[%clk 0:05:44]} 33. Kg1 {[%clk 0:02:33]} Raa8 {[%clk 0:04:46]} 34. Kf2
{[%clk 0:02:01]} Ra6 {[%clk 0:04:48]} 35. Kg1 {[%clk 0:02:10]} Kf7
{[%clk 0:04:33]} 36. Kf2 {[%clk 0:02:08]} Rcc6 {[%clk 0:04:02]} 37. Kg1
{[%clk 0:01:04]} Rd6 {[%clk 0:03:50]} 38. Kf2 {[%clk 0:01:13]} Qa8
{[%clk 0:03:14]} 39. Qc1 {[%clk 0:01:11]} Rd5 {[%clk 0:03:15]} 40. Qg1
{[%clk 0:30:43]} Rg6 {[%clk 0:30:55]} 41. Qf1 {[%clk 0:18:11]} Qf8
{[%clk 0:26:09]} 42. Rdb2 {[%clk 0:16:55]} Qa3 {[%clk 0:24:48]} 43. Qe1
{[%clk 0:13:06]} Kg8 {[%clk 0:22:37]} 44. Qc1 {[%clk 0:10:14]} Kh7
{[%clk 0:21:46]} 45. Kg1 {[%clk 0:08:45]} Ra6 {[%clk 0:17:13]} 46. Kh2
{[%clk 0:08:30]} Qd6 {[%clk 0:15:44]} 47. Qc2 {[%clk 0:06:41]} Qe7
{[%clk 0:14:59]} 48. Qc1 {[%clk 0:05:05]} Ra8 {[%clk 0:12:58]} 49. Qe1
{[%clk 0:04:56]} Rc8 {[%clk 0:13:03]} 50. Qd2 {[%clk 0:05:04]} Kg8
{[%clk 0:09:12]} 51. Qc2 {[%clk 0:05:17]} Kh8 {[%clk 0:08:39]} 52. Qd2
{[%clk 0:05:28]} Rg8 {[%clk 0:08:19]} 53. Qe1 {[%clk 0:05:03]} Kh7
{[%clk 0:08:30]} 54. Kh1 {[%clk 0:05:21]} Qd6 {[%clk 0:07:46]} 55. Qh4
{[%clk 0:05:13]} Rc8 {[%clk 0:07:25]} 56. Qe1 {[%clk 0:05:25]} g5
{[%clk 0:06:07]} 57. Qg3 {[%clk 0:03:16]} Rg8 {[%clk 0:02:36]} 58. a4
{[%clk 0:02:05]} bxa4 {[%clk 0:00:46]} 59. Rb6 {[%clk 0:02:26]} Qe7
{[%clk 0:01:01]} 60. Ra6 {[%clk 0:01:26]} Bc8 {[%clk 0:00:48]} 61. Rc6
{[%clk 0:01:28]} Rd6 {[%clk 0:00:49]} 62. Rc5 {[%clk 0:01:40]} g4
{[%clk 0:00:59]} 63. Rxa5 {[%clk 0:01:44]} Ra6 {[%clk 0:01:08]} 64. Re5
{[%clk 0:01:55]} Qf6 {[%clk 0:01:10]} 65. Nc1 {[%clk 0:00:57]} a3
{[%clk 0:01:08]} 66. Na2 {[%clk 0:01:16]} Rg7 {[%clk 0:00:48]} 67. Reb5
{[%clk 0:01:29]} Bd7 {[%clk 0:00:59]} 68. R5b4 {[%clk 0:00:57]} Ba4
{[%clk 0:01:04]} 69. Rxc4 {[%clk 0:00:52]} Qf7 {[%clk 0:00:43]} 70. d5
{[%clk 0:00:42]} Qxd5 {[%clk 0:00:58]} 71. Rbb4 {[%clk 0:00:52]} Bb5
{[%clk 0:00:48]} 72. Rd4 {[%clk 0:00:58]} Qxa2 {[%clk 0:01:06]} 73. Rxb5
{[%clk 0:01:27]} Qc2 {[%clk 0:01:08]} 74. Rb8 {[%clk 0:01:13]} a2
{[%clk 0:00:58]} 75. Rdd8 {[%clk 0:01:37]} a1=Q+ {[%clk 0:01:21]} 76. Kh2
{[%clk 0:02:06]} Qcb1 {[%clk 0:00:38]} 77. Rh8+ {[%clk 0:01:51]} Kg6
{[%clk 0:01:04]} 78. Rxh6+ {[%clk 0:02:13]} Kxh6 {[%clk 0:01:19]} 79. Qh4+
{[%clk 0:02:42]} Kg6 {[%clk 0:01:44]} 80. Qg5+ {[%clk 0:03:11]} Kh7
{[%clk 0:00:34]} 81. Qh5+ {[%clk 0:03:09]} Rh6 {[%clk 0:00:58]} 82. Qxf5+
{[%clk 0:03:33]} Rhg6 {[%clk 0:01:15]} 83. Qh5+ {[%clk 0:04:02]} Rh6
{[%clk 0:01:30]} 84. Qf5+ {[%clk 0:04:30]} Rhg6 {[%clk 0:01:47]} 85. Qh5+
{[%clk 0:04:58]} 1/2-1/2

[Event "World Chess Olympiad 2018"]
[Site "Batumi"]
[Date "2018.10.02"]
[Round "8"]
[Board "2"]
[WhiteFideId "1204297"]
[White "Parligras Mircea-Emilian"]
[BlackFideId "10200037"]
[Black "Rahman Ziaur"]
[Result "1/2-1/2"]
[LiveChessVersion "1.4.8"]
[BlackElo "2477"]
[WhiteElo "2623"]

1. d4 {[%clk 1:30:56]} d5 {[%clk 1:30:41]} 2. Nf3 {[%clk 1:31:05]} Nf6
{[%clk 1:30:12]} 3. c4 {[%clk 1:31:20]} e6 {[%clk 1:29:52]} 4. Nc3
{[%clk 1:31:33]} Bb4 {[%clk 1:29:38]} 5. Bg5 {[%clk 1:31:28]} h6 {[%clk 1:29:44]}
6. Bxf6 {[%clk 1:31:48]} Qxf6 {[%clk 1:30:11]} 7. e3 {[%clk 1:31:58]} O-O
{[%clk 1:30:33]} 8. Rc1 {[%clk 1:31:37]} dxc4 {[%clk 1:30:53]} 9. Bxc4
{[%clk 1:31:32]} c5 {[%clk 1:31:15]} 10. O-O {[%clk 1:30:57]} cxd4
{[%clk 1:31:24]} 11. Ne4 {[%clk 1:30:41]} Qe7 {[%clk 1:31:35]} 12. a3
{[%clk 1:30:36]} Ba5 {[%clk 1:31:57]} 13. Qxd4 {[%clk 1:30:51]} Rd8
{[%clk 1:28:09]} 14. Qe5 {[%clk 1:30:08]} Bc7 {[%clk 1:24:12]} 15. Qh5
{[%clk 1:27:17]} Nd7 {[%clk 1:18:21]} 16. Ba2 {[%clk 1:20:28]} Nf8
{[%clk 1:16:51]} 17. g4 {[%clk 1:19:30]} b6 {[%clk 1:03:36]} 18. Nd4
{[%clk 1:15:13]} Bb7 {[%clk 1:00:45]} 19. Nc6 {[%clk 1:12:32]} Qd7
{[%clk 0:50:36]} 20. Nxd8 {[%clk 1:12:36]} Rxd8 {[%clk 0:50:55]} 21. Bb1
{[%clk 1:07:20]} Nh7 {[%clk 0:41:30]} 22. g5 {[%clk 1:05:10]} g6 {[%clk 0:41:00]}
23. Qxh6 {[%clk 1:00:22]} Be5 {[%clk 0:41:20]} 24. Nf6+ {[%clk 0:42:40]} Nxf6
{[%clk 0:39:16]} 25. gxf6 {[%clk 0:43:07]} Bxf6 {[%clk 0:39:37]} 26. Qf4
{[%clk 0:43:19]} e5 {[%clk 0:37:09]} 27. Qg3 {[%clk 0:43:16]} Kg7
{[%clk 0:35:31]} 28. Ba2 {[%clk 0:39:52]} Qe7 {[%clk 0:33:23]} 29. Qg4
{[%clk 0:34:22]} Bh4 {[%clk 0:31:10]} 30. Bb1 {[%clk 0:26:56]} Qf6
{[%clk 0:26:06]} 31. Be4 {[%clk 0:25:48]} Ba6 {[%clk 0:14:19]} 32. Rc6
{[%clk 0:25:36]} Qg5 {[%clk 0:14:44]} 33. Qxg5 {[%clk 0:25:46]} Bxg5
{[%clk 0:15:12]} 34. Rfc1 {[%clk 0:23:17]} Bb7 {[%clk 0:14:03]} 35. R6c4
{[%clk 0:15:51]} b5 {[%clk 0:14:16]} 36. Bxb7 {[%clk 0:16:05]} bxc4
{[%clk 0:14:41]} 37. Rxc4 {[%clk 0:16:32]} Rd1+ {[%clk 0:14:19]} 38. Kg2
{[%clk 0:16:59]} Rd2 {[%clk 0:14:39]} 39. Kg3 {[%clk 0:16:53]} f5
{[%clk 0:11:15]} 40. b4 {[%clk 0:42:00]} Kh6 {[%clk 0:37:10]} 41. a4
{[%clk 0:32:39]} Rb2 {[%clk 0:36:51]} 42. b5 {[%clk 0:30:25]} Bd8
{[%clk 0:36:05]} 43. Bd5 {[%clk 0:28:38]} Ba5 {[%clk 0:33:20]} 44. Rc1
{[%clk 0:27:50]} Rb4 {[%clk 0:31:32]} 45. Ra1 {[%clk 0:26:52]} Bd8
{[%clk 0:28:46]} 46. Ra2 {[%clk 0:26:09]} Ba5 {[%clk 0:27:00]} 47. h3
{[%clk 0:24:15]} e4 {[%clk 0:25:34]} 48. Kg2 {[%clk 0:22:24]} Kg7
{[%clk 0:25:43]} 49. Bc6 {[%clk 0:19:17]} Rc4 {[%clk 0:24:10]} 50. f3
{[%clk 0:15:45]} exf3+ {[%clk 0:24:17]} 51. Bxf3 {[%clk 0:14:34]} Kf6
{[%clk 0:24:07]} 52. Ra3 {[%clk 0:12:41]} Rc2+ {[%clk 0:22:50]} 53. Kf1
{[%clk 0:12:56]} Rd2 {[%clk 0:20:53]} 54. Be2 {[%clk 0:07:57]} 1/2-1/2

[Event "World Chess Olympiad 2018"]
[Site "Batumi"]
[Date "2018.10.02"]
[Round "8"]
[Board "3"]
[WhiteFideId "10207791"]
[White "Mohammad Fahad Rahman"]
[BlackFideId "1203975"]
[Black "Vajda Levente"]
[Result "1-0"]
[LiveChessVersion "1.4.8"]
[BlackElo "2551"]
[WhiteElo "2263"]

1. e4 {[%clk 1:30:56]} e5 {[%clk 1:30:21]} 2. Nf3 {[%clk 1:31:19]} Nc6
{[%clk 1:30:48]} 3. Bb5 {[%clk 1:31:43]} a6 {[%clk 1:31:13]} 4. Ba4
{[%clk 1:32:07]} Nf6 {[%clk 1:31:39]} 5. O-O {[%clk 1:32:27]} Be7
{[%clk 1:32:04]} 6. Re1 {[%clk 1:32:52]} b5 {[%clk 1:32:13]} 7. Bb3
{[%clk 1:33:16]} d6 {[%clk 1:32:39]} 8. c3 {[%clk 1:33:40]} O-O {[%clk 1:33:04]}
9. h3 {[%clk 1:33:12]} Nb8 {[%clk 1:32:52]} 10. d4 {[%clk 1:33:20]} Nbd7
{[%clk 1:33:16]} 11. Nbd2 {[%clk 1:33:37]} Bb7 {[%clk 1:33:39]} 12. Bc2
{[%clk 1:33:58]} Re8 {[%clk 1:28:03]} 13. a4 {[%clk 1:34:12]} Bf8 14. Bd3 c6
{[%clk 1:28:47]} 15. b4 {[%clk 1:34:49]} Qc7 {[%clk 1:27:03]} 16. Bb2
{[%clk 1:34:23]} h6 {[%clk 1:24:59]} 17. Qb3 {[%clk 1:33:15]} Nb6
{[%clk 1:06:37]} 18. axb5 {[%clk 1:32:50]} cxb5 {[%clk 1:04:32]} 19. d5
{[%clk 1:32:51]} Rac8 {[%clk 1:01:24]} 20. Bf1 {[%clk 1:31:17]} Nfd7
{[%clk 0:57:38]} 21. Rac1 {[%clk 1:28:43]} Nc4 {[%clk 0:57:28]} 22. Nxc4
{[%clk 1:28:04]} bxc4 {[%clk 0:57:49]} 23. Qa2 {[%clk 1:28:36]} f5
{[%clk 0:58:10]} 24. Nd2 Nb6 25. f3 {[%clk 1:28:18]} Be7 {[%clk 0:55:49]} 26. Rb1
{[%clk 1:17:17]} Rf8 {[%clk 0:52:17]} 27. Bc1 {[%clk 1:14:18]} Bh4
{[%clk 0:40:53]} 28. Rd1 {[%clk 1:12:23]} Bg5 {[%clk 0:40:12]} 29. Qa5
{[%clk 1:06:54]} Bd8 {[%clk 0:36:50]} 30. Kh1 {[%clk 0:55:06]} Qd7
{[%clk 0:33:29]} 31. Qa2 {[%clk 0:48:25]} fxe4 {[%clk 0:33:37]} 32. Nxe4
{[%clk 0:44:15]} Kh8 {[%clk 0:31:11]} 33. Be3 {[%clk 0:38:45]} Nxd5
{[%clk 0:30:31]} 34. Bg1 {[%clk 0:39:01]} Rf4 {[%clk 0:18:59]} 35. Rbc1
{[%clk 0:30:38]} Rxe4 {[%clk 0:14:17]} 36. fxe4 {[%clk 0:30:58]} Nf4
{[%clk 0:11:43]} 37. Qc2 {[%clk 0:20:14]} Bg5 38. Bc5 Be7 {[%clk 0:06:14]} 39.
Be3 {[%clk 0:18:51]} Nh5 {[%clk 0:06:19]} 40. Be2 {[%clk 0:42:08]} Bxe4
{[%clk 0:31:34]} 41. Bg4 {[%clk 0:41:48]} Bf5 {[%clk 0:30:28]} 42. Bxf5
{[%clk 0:41:27]} Ng3+ {[%clk 0:30:48]} 43. Kg1 {[%clk 0:41:18]} Nxf5
{[%clk 0:30:47]} 44. Bf2 {[%clk 0:41:38]} Bf6 {[%clk 0:22:18]} 45. Ra1
{[%clk 0:38:53]} Rc6 {[%clk 0:20:02]} 46. Ra5 {[%clk 0:39:15]} Ne7
{[%clk 0:12:28]} 47. Rda1 {[%clk 0:39:00]} e4 {[%clk 0:11:20]} 48. Rxa6
{[%clk 0:38:27]} Rxa6 {[%clk 0:11:46]} 49. Rxa6 {[%clk 0:38:52]} d5
{[%clk 0:12:09]} 50. Qd2 {[%clk 0:37:33]} Kh7 {[%clk 0:11:10]} 51. Bd4
{[%clk 0:34:50]} Bg5 {[%clk 0:10:33]} 52. Qf2 {[%clk 0:34:48]} Nc6
{[%clk 0:07:05]} 53. Be3 {[%clk 0:30:38]} Bxe3 {[%clk 0:05:12]} 54. Qxe3
{[%clk 0:31:07]} Ne5 {[%clk 0:03:19]} 55. Ra7 Qc6 56. Ra5 {[%clk 0:18:55]} Nd3
{[%clk 0:01:12]} 57. b5 {[%clk 0:15:46]} Qf6 {[%clk 0:01:31]} 58. b6
{[%clk 0:14:57]} Nf4 59. b7 {[%clk 0:10:29]} Qg5 {[%clk 0:01:03]} 60. Ra2 1-0

[Event "World Chess Olympiad 2018"]
[Site "Batumi"]
[Date "2018.10.02"]
[Round "8"]
[Board "4"]
[WhiteFideId "1211668"]
[White "Chirila Ioan-Cristian"]
[BlackFideId "10200649"]
[Black "Hossain Enamul"]
[Result "1/2-1/2"]
[LiveChessVersion "1.4.8"]
[BlackElo "2452"]
[WhiteElo "2576"]

1. d4 {[%clk 1:30:41]} Nf6 {[%clk 1:30:41]} 2. c4 {[%clk 1:30:57]} e6
{[%clk 1:30:43]} 3. Nf3 {[%clk 1:31:15]} b6 {[%clk 1:29:36]} 4. g3
{[%clk 1:31:18]} Bb4+ {[%clk 1:29:55]} 5. Bd2 {[%clk 1:30:49]} Be7
{[%clk 1:30:05]} 6. Bg2 {[%clk 1:29:33]} c6 {[%clk 1:30:22]} 7. O-O
{[%clk 1:19:04]} d5 {[%clk 1:30:02]} 8. Bf4 {[%clk 1:16:26]} O-O {[%clk 1:28:11]}
9. Qa4 {[%clk 1:11:00]} Bb7 {[%clk 1:21:08]} 10. Nc3 {[%clk 1:00:36]} a6
{[%clk 1:13:04]} 11. Ne5 {[%clk 0:48:15]} b5 {[%clk 1:00:22]} 12. Qb3
{[%clk 0:48:21]} dxc4 {[%clk 1:00:18]} 13. Nxc4 {[%clk 0:48:29]} Nd5
{[%clk 0:57:54]} 14. Rfd1 {[%clk 0:42:46]} Nxf4 {[%clk 0:44:38]} 15. gxf4
{[%clk 0:43:06]} Nd7 {[%clk 0:44:07]} 16. Ne5 {[%clk 0:21:06]} Nxe5
{[%clk 0:42:09]} 17. fxe5 {[%clk 0:20:20]} Qc7 {[%clk 0:39:44]} 18. a4
{[%clk 0:13:55]} c5 {[%clk 0:36:22]} 19. Bxb7 {[%clk 0:09:00]} Qxb7
{[%clk 0:35:47]} 20. axb5 {[%clk 0:05:43]} cxd4 {[%clk 0:29:29]} 21. Rxd4
{[%clk 0:06:08]} axb5 {[%clk 0:28:29]} 22. Rad1 {[%clk 0:06:37]} b4
{[%clk 0:24:08]} 23. Rd7 {[%clk 0:02:44]} Qc6 {[%clk 0:20:46]} 24. Rxe7
{[%clk 0:02:26]} bxc3 {[%clk 0:21:13]} 25. Qxc3 {[%clk 0:02:38]} Qe4
{[%clk 0:21:22]} 26. Qf3 {[%clk 0:01:43]} Qxe5 {[%clk 0:18:00]} 27. Rxf7
{[%clk 0:01:57]} Qxb2 {[%clk 0:16:24]} 28. Rxf8+ {[%clk 0:01:30]} Rxf8
{[%clk 0:16:52]} 29. Qe3 {[%clk 0:00:52]} Qf6 {[%clk 0:15:49]} 30. Rd4
{[%clk 0:01:08]} Qg6+ 1/2-1/2

[Event "World Chess Olympiad 2018"]
[Site "Batumi"]
[Date "2018.10.02"]
[Round "8"]
[Board "1"]
[WhiteFideId "208078"]
[White "Godart Francois"]
[BlackFideId "14603152"]
[Black "Borisek Jure"]
[Result "1-0"]
[LiveChessVersion "1.4.8"]
[BlackElo "2578"]
[WhiteElo "2431"]

1. d4 {[%clk 1:30:56]} Nf6 {[%clk 1:30:45]} 2. c4 {[%clk 1:31:12]} g6
{[%clk 1:31:10]} 3. g3 {[%clk 1:31:25]} c6 {[%clk 1:31:19]} 4. Bg2
{[%clk 1:31:23]} d5 {[%clk 1:31:38]} 5. Nf3 {[%clk 1:31:30]} Bg7 {[%clk 1:32:04]}
6. Qb3 {[%clk 1:31:40]} Qb6 {[%clk 1:32:09]} 7. O-O {[%clk 1:31:55]} O-O
{[%clk 1:32:35]} 8. Nc3 {[%clk 1:32:17]} Rd8 {[%clk 1:32:50]} 9. Bf4
{[%clk 1:32:22]} dxc4 {[%clk 1:32:56]} 10. Qxc4 {[%clk 1:32:47]} Be6
{[%clk 1:33:08]} 11. Qd3 {[%clk 1:32:56]} Na6 {[%clk 1:33:30]} 12. Be5
{[%clk 1:32:58]} c5 {[%clk 1:21:02]} 13. Rfd1 {[%clk 1:33:00]} h6
{[%clk 1:11:44]} 14. Qb5 {[%clk 1:25:44]} Nd5 {[%clk 0:56:18]} 15. Qxb6
{[%clk 1:23:52]} Nxb6 {[%clk 0:54:19]} 16. Bxg7 {[%clk 1:22:54]} Kxg7
{[%clk 0:54:43]} 17. dxc5 {[%clk 1:22:50]} Nxc5 {[%clk 0:50:05]} 18. Nd4
{[%clk 1:23:13]} a5 {[%clk 0:44:44]} 19. Nxe6+ {[%clk 1:21:45]} fxe6
{[%clk 0:44:46]} 20. Nb5 {[%clk 1:16:38]} Nd5 {[%clk 0:37:27]} 21. Rac1
{[%clk 1:09:56]} Na6 {[%clk 0:34:42]} 22. Bxd5 {[%clk 1:06:26]} Rxd5
{[%clk 0:35:06]} 23. Rxd5 {[%clk 1:06:16]} exd5 {[%clk 0:35:29]} 24. Nc7
{[%clk 1:06:43]} Nxc7 {[%clk 0:35:50]} 25. Rxc7 {[%clk 1:07:08]} Kf6
{[%clk 0:36:15]} 26. Rxb7 {[%clk 1:07:18]} Rc8 {[%clk 0:36:42]} 27. Rb5
{[%clk 1:05:31]} Rc2 {[%clk 0:37:04]} 28. Kf1 {[%clk 1:03:13]} a4
{[%clk 0:34:37]} 29. a3 {[%clk 1:00:55]} d4 {[%clk 0:26:47]} 30. Rb4
{[%clk 1:00:10]} e5 {[%clk 0:27:12]} 31. h3 {[%clk 0:50:50]} Rc1+
{[%clk 0:16:59]} 32. Kg2 {[%clk 0:51:16]} Rc2 {[%clk 0:17:27]} 33. Kf3
{[%clk 0:47:34]} h5 {[%clk 0:17:31]} 34. h4 {[%clk 0:35:28]} Kf5 {[%clk 0:16:20]}
35. Rb5 {[%clk 0:35:25]} Rc4 {[%clk 0:10:13]} 36. Ra5 {[%clk 0:30:53]} Rc2
{[%clk 0:10:26]} 37. e3 {[%clk 0:30:23]} Rxb2 {[%clk 0:05:13]} 38. exd4
{[%clk 0:30:47]} Rb3+ {[%clk 0:05:42]} 39. Ke2 {[%clk 0:30:47]} Rxa3
{[%clk 0:06:06]} 40. Rxe5+ {[%clk 1:00:07]} Kf6 {[%clk 0:36:33]} 41. Ra5
{[%clk 0:59:48]} Ra1 {[%clk 0:36:52]} 42. Ke3 {[%clk 0:59:26]} a3
{[%clk 0:36:45]} 43. Kf4 {[%clk 0:59:32]} Rd1 {[%clk 0:34:26]} 44. Ra6+
{[%clk 0:56:57]} Kf7 {[%clk 0:34:53]} 1-0

[Event "World Chess Olympiad 2018"]
[Site "Batumi"]
[Date "2018.10.02"]
[Round "8"]
[Board "2"]
[WhiteFideId "14602296"]
[White "Sebenik Matej"]
[BlackFideId "200778"]
[Black "Docx Stefan"]
[Result "1-0"]
[LiveChessVersion "1.4.8"]
[BlackElo "2427"]
[WhiteElo "2570"]

1. Nf3 {[%clk 1:30:56]} c5 {[%clk 1:29:54]} 2. c4 {[%clk 1:31:20]} Nc6
{[%clk 1:30:03]} 3. Nc3 {[%clk 1:31:43]} g6 {[%clk 1:30:20]} 4. e3
{[%clk 1:32:06]} Nf6 {[%clk 1:30:43]} 5. d4 {[%clk 1:32:27]} cxd4
{[%clk 1:31:07]} 6. exd4 {[%clk 1:32:53]} d5 {[%clk 1:31:28]} 7. cxd5
{[%clk 1:33:14]} Nxd5 {[%clk 1:31:51]} 8. Qb3 {[%clk 1:33:31]} Nxc3
{[%clk 1:31:52]} 9. Bc4 {[%clk 1:33:07]} e6 {[%clk 1:32:15]} 10. bxc3
{[%clk 1:33:26]} Bd7 {[%clk 1:32:39]} 11. Qd1 {[%clk 1:25:32]} Na5
{[%clk 1:28:11]} 12. Bd3 {[%clk 1:25:57]} Rc8 {[%clk 1:28:28]} 13. O-O
{[%clk 1:25:17]} Bg7 {[%clk 1:22:51]} 14. Bg5 {[%clk 1:19:23]} f6
{[%clk 1:20:57]} 15. Bd2 {[%clk 1:19:07]} O-O {[%clk 1:18:28]} 16. Rb1
{[%clk 1:11:31]} Re8 {[%clk 1:11:40]} 17. Qe2 {[%clk 1:08:03]} Bc6
{[%clk 0:57:29]} 18. Rfc1 {[%clk 1:00:43]} b6 {[%clk 0:55:03]} 19. Ba6
{[%clk 0:39:27]} Rc7 {[%clk 0:52:33]} 20. Bf4 {[%clk 0:39:52]} Rd7
{[%clk 0:50:04]} 21. Be3 {[%clk 0:40:07]} Qa8 {[%clk 0:48:41]} 22. c4
{[%clk 0:35:58]} Bf8 {[%clk 0:34:42]} 23. Ne1 {[%clk 0:25:58]} Nb7
{[%clk 0:28:30]} 24. d5 {[%clk 0:10:56]} exd5 {[%clk 0:19:11]} 25. cxd5
{[%clk 0:11:21]} Ba4 {[%clk 0:18:57]} 26. Qg4 {[%clk 0:08:53]} Rxe3
{[%clk 0:09:15]} 27. fxe3 {[%clk 0:08:47]} Nc5 {[%clk 0:07:07]} 28. Rxc5
{[%clk 0:09:11]} Bxc5 {[%clk 0:07:28]} 29. Qxa4 {[%clk 0:09:34]} Qe8
{[%clk 0:07:28]} 30. Nc2 {[%clk 0:07:36]} Qe7 {[%clk 0:07:38]} 31. Bb5
{[%clk 0:06:12]} Rd6 {[%clk 0:07:38]} 32. Qf4 {[%clk 0:06:28]} Kg7
{[%clk 0:07:33]} 33. Bc4 {[%clk 0:06:04]} g5 {[%clk 0:05:08]} 34. Qf3
{[%clk 0:04:38]} Qe5 {[%clk 0:05:23]} 35. Rd1 {[%clk 0:03:33]} b5
{[%clk 0:03:09]} 36. Bb3 {[%clk 0:03:50]} a5 {[%clk 0:00:39]} 37. Nd4
{[%clk 0:04:12]} a4 {[%clk 0:00:57]} 38. Bc2 {[%clk 0:03:47]} 1-0